| 000 | 00399nam a22001457a 4500 | ||
|---|---|---|---|
| 003 | SGT | ||
| 082 |
_a616.07 _bS23G |
||
| 100 | _aGUPTA, RUCHI | ||
| 245 | _aSTUDY OF LABORATORY PARAMETERS IN THE DIFFERNTIAL DIAGNOSIS OF MICROCYTIC HYPOCHROMIC ANAEMIA IN PAEDIATRIC AGE GROUP | ||
| 260 |
_aGURUGRAM _bSGT UNIVERSITY _c2023 |
||
| 300 | _a99 | ||
| 650 | _aPATHOLOGY | ||
| 653 | _aM.D | ||
| 942 |
_2ddc _cTH |
||
| 999 |
_c26604 _d26604 |
||